Geits und buchstabe der dichtung (Record no. 86943)

MARC details
000 -LEADER
campo de control de longitud fija 00535nam a2200169 i 4500
001 - NÚMERO DE CONTROL
campo de control 86943
003 - IDENTIFICADOR DE NÚMERO DE CONTROL
campo de control ES-MaACL
005 - FECHA Y HORA DE LA ÚLTIMA TRANSACCIÓN
campo de control 20230906175545.0
007 - CAMPO FIJO DE DESCRIPCIÓN FÍSICA--INFORMACIÓN GENERAL
campo de control de longitud fija t|
008 - DATOS DE LONGITUD FIJA--INFORMACIÓN GENERAL
campo de control de longitud fija 041216s1942 gw ||||1| ger d
100 1# - ENTRADA PRINCIPAL--NOMBRE DE PERSONA
Nombre de persona Kommerell, Max.
9 (RLIN) 68541
245 10 - MENCIÓN DEL TÍTULO
Título Geits und buchstabe der dichtung
Resto del título : Goethe, Schiller, Keist, Holdenlin /
Mención de responsabilidad, etc. Max Kommerell.
250 ## - MENCION DE EDICION
Mención de edición 2e ed. durch. und verm.
260 ## - PUBLICACIÓN, DISTRIBUCIÓN, ETC.
Lugar de publicación, distribución, etc. Frankfurt am Main :
Nombre del editor, distribuidor, etc. Vittorio Klostermann,
Fecha de publicación, distribución, etc. 1942 (
Fabricante H. Laupp)
300 ## - DESCRIPCIÓN FÍSICA
Extensión 314 p. ;
Dimensiones 19 cm.
852 ## - LOCALIZACIÓN
Ubicación ES-MaACL
Número de control de estantería F-16338
Sublocalización o colección R.21100
Holdings
Estatus retirado Estado de pérdida Estado de daño No para préstamo Biblioteca de origen Biblioteca actual Ubicación en estantería Fecha de adquisición Fuente de adquisición Total de préstamos Signatura topográfica completa Código de barras Visto por última vez Precio de reemplazo Tipo de ítem Koha
        Biblioteca del Ateneo de Madrid Biblioteca del Ateneo de Madrid Sala Pecera Planta 2 17/01/2008     F-16338 1090840 23/02/2023 23/02/2023 Libro impreso